'Game of Thrones' Themed Trivia Quiz Stats

 Plays Quiz Updated Apr 15, 2019

Score 0/15 Timer 04:00
1 Play Today
Question Answer % Correct
Who admitted to playing 'a little game' when trying to understand a person's motives?Petyr Baelish
82.9%
Who ordered a tourney in honor of Eddard Stark's appointment as Hand of the King?Robert Baratheon
82.1%
Who is the only known living person to have made a full recovery following a diagnosis of Greyscale?Jorah Mormont
78.1%
Which Emmy-winning character has appeared in the most episodes, at 67?Tyrion Lannister
76.9%
Guarding the wall, what military order's most recent Lord Commander is Eddison Tollett?Night's Watch
72%
What trusted advisor to Daenerys Targaryen speaks 19 languages, including High Valyrian & Dothraki?Missandei
68.9%
Who informs Joffrey, with help from the Hound, that ordering a death on one's name day is bad luck?Sansa Stark
68.2%
What character is also known as The Queen of Thorns?Olenna Tyrell
67.8%
Question Answer % Correct
Originally ruled by House Tully, what region of the Seven Kingdoms includes 'The Neck' & 'The Trident'?The Riverlands
61.6%
Located at the The Citadel, in what city is Westeros's largest library located?Oldtown
58.3%
What House retained independence for 200 years following Aegon the Conqueror's invasion?House Martell
55.7%
What song is dedicated to Tywin Lannister for his military victory following an unsuccessful uprising?The Rains of Castamere
54.3%
In the Faith of the Seven, which face of the seven faced god is neither male nor female?The Stranger
45.2%
What film series will creators David Benioff & D.B. Weiss work on after 'Game of Thrones' wraps?Star Wars
29.9%
What was the name of the actress whose character befriended & mended Arya in Essos?Lady Crane
26.1%

You're not logged in!

Compare scores with friends on all Sporcle quizzes.
OR
Log In

Sporcle TV

Today on Sporcle TV


Watch our educational content, quiz creation guides, and fun videos on Sporcle TV.

Show Comments

Extras

Top Quizzes Today


Score Distribution

Your Account Isn't Verified!

In order to create a playlist on Sporcle, you need to verify the email address you used during registration. Go to your Sporcle Settings to finish the process.

Report this User

Report this user for behavior that violates our Community Guidelines.

Details: